Mental retardation : (Record no. 745)

MARC details
000 -LEADER
fixed length control field 00937cam a2200313 i 4500
005 - DATE AND TIME OF LATEST TRANSACTION
control field 20260322212032.0
008 - FIXED-LENGTH DATA ELEMENTS--GENERAL INFORMATION
fixed length control field data
010 ## - LIBRARY OF CONGRESS CONTROL NUMBER
LC control number 77023359//r84
020 ## - INTERNATIONAL STANDARD BOOK NUMBER
International Standard Book Number 0471427160
020 ## - INTERNATIONAL STANDARD BOOK NUMBER
International Standard Book Number 9780471427162
050 0# - LIBRARY OF CONGRESS CALL NUMBER
Classification number RC570
Item number .I4
060 ## - NATIONAL LIBRARY OF MEDICINE CALL NUMBER
Classification number WM300 I44m
096 ## - LOCALLY ASSIGNED NLM-TYPE CALL NUMBER (OCLC)
Classification number WM 300.3 I44m 1978
001 - CONTROL NUMBER
control field data
100 1# - MAIN ENTRY--PERSONAL NAME
Personal name Ingalls, Robert P.,
Dates associated with a name 1945-
245 10 - TITLE STATEMENT
Title Mental retardation :
Remainder of title the changing outlook /
Statement of responsibility, etc. Robert P. Ingalls.
260 0# - PUBLICATION, DISTRIBUTION, ETC.
Place of publication, distribution, etc. New York :
Name of publisher, distributor, etc. Wiley,
Date of publication, distribution, etc. c1978.
300 ## - PHYSICAL DESCRIPTION
Extent xiv, 491 p. :
Other physical details ill. ;
Dimensions 24 cm.
500 ## - GENERAL NOTE
General note Includes index.
504 ## - BIBLIOGRAPHY, ETC. NOTE
Bibliography, etc. note Bibliography: p. 453-481.
590 ## - LOCAL NOTE (RLIN)
Local note Bibliography: p. 453-481.
590 ## - LOCAL NOTE (RLIN)
Local note Includes index.
650 #0 - SUBJECT ADDED ENTRY--TOPICAL TERM
Topical term or geographic name entry element Mental retardation
General subdivision Etiology.
650 #0 - SUBJECT ADDED ENTRY--TOPICAL TERM
Topical term or geographic name entry element People with mental disabilities
General subdivision Care.
650 #0 - SUBJECT ADDED ENTRY--TOPICAL TERM
Topical term or geographic name entry element Children with mental disabilities
General subdivision Education.
650 #0 - SUBJECT ADDED ENTRY--TOPICAL TERM
Topical term or geographic name entry element Intelligence tests.
650 #2 - SUBJECT ADDED ENTRY--TOPICAL TERM
Topical term or geographic name entry element Mental Retardation.
650 #2 - SUBJECT ADDED ENTRY--TOPICAL TERM
Topical term or geographic name entry element Education of Mentally Retarded.
Holdings
Withdrawn status Lost status Damaged status Not for loan Home library Current library Shelving location Date acquired Total checkouts Full call number Barcode Date last seen Price effective from Koha item type
        Riverside Riverside General stacks 22/03/2026   RC570 .I4 BC0010764 22/03/2026 22/03/2026 Books